|
|
|
|
| LEADER |
00000nam0a2200000 4500 |
| 001 |
356722 |
| 005 |
20231102010924.0 |
| 035 |
|
|
|a (RuTPU)RU\TPU\retro\13982
|
| 090 |
|
|
|a 356722
|
| 100 |
|
|
|a 20200723d1977 k y0rusy50 ca
|
| 101 |
0 |
|
|a rus
|
| 102 |
|
|
|a RU
|
| 105 |
|
|
|a a z 101zy
|
| 200 |
1 |
|
|a Вещественный состав фосфоритов
|e тезисы докладов Всесоюзного семинара, 11-13 мая 1977 г., Новосибирск
|f Академия наук СССР, Сибирское отделение ; Междуведомственный литологический комитет
|
| 210 |
|
|
|a Новосибирск
|c [Б. и.]
|d 1977
|
| 215 |
|
|
|a 124 с.
|c ил.
|
| 320 |
|
|
|a Библиография в конце некоторых докладов
|
| 606 |
1 |
|
|a Фосфориты
|x Вещественный состав
|2 stltpush
|3 (RuTPU)RU\TPU\subj\64178
|9 81094
|
| 610 |
1 |
|
|a химико-минералогические особенности
|
| 610 |
1 |
|
|a петрографическая характеристика
|
| 610 |
1 |
|
|a состав
|
| 610 |
1 |
|
|a технологические свойства
|
| 610 |
1 |
|
|a агрономические свойства
|
| 610 |
1 |
|
|a фосфаты кальция
|
| 610 |
1 |
|
|a структура
|
| 610 |
1 |
|
|a семинары
|
| 675 |
|
|
|a 553.64(063)
|v 4
|
| 712 |
0 |
2 |
|a Академия наук СССР
|b Сибирское отделение
|c (Новосибирск)
|c (1957-1991)
|2 stltpush
|3 (RuTPU)RU\TPU\col\11215
|9 24990
|
| 712 |
0 |
2 |
|a Междуведомственный литологический комитет
|2 stltpush
|3 (RuTPU)RU\TPU\col\11308
|9 25031
|
| 712 |
1 |
2 |
|a Вещественный состав фосфоритов
|c семинар
|e Новосибирск
|f 1977
|
| 801 |
|
1 |
|a RU
|b 63413507
|c 20200723
|
| 801 |
|
2 |
|a RU
|b 63413507
|c 20210201
|g RCR
|
| 942 |
|
|
|c BK
|